Statistics for JetPunk Poll

Click here to take the quiz!

General Stats

  • This quiz has been taken 22 times
    (9 since last reset)
  • The average score is 8 of 13

Answer Stats

Question Answer % Correct
How long have you known about JetPunk?18 months or longer
89%
Which types of quizzes do you mainly take?Mostly geography
89%
Which is better?JetPunk
89%
What's your best score on the Countries of the World Quiz?190+
78%
Do you consider yourself religious?Yes
67%
Have you made a quiz on JetPunk in the last 30 days?Yes
56%
Do you regularly attend a place of worship?Yes
56%
Do you recognize our username? (HinesBrothers)Yes
56%
Where do you live?USA
44%
Where do you live?Europe
44%
Should pineapple be on pizza?Yes
44%
Is geography your favorite school subject?Yes
33%
Favorite sport?Soccer
22%

Score Distribution

Percentile by Number Answered

Percent of People with Each Score

Your Score History

You have not taken this quiz since the last reset